| 000 | 00992cam a22002654a 4500 | ||
|---|---|---|---|
| 999 |
_c27006 _d27006 |
||
| 001 | 12141400 | ||
| 005 | 20170207103130.0 | ||
| 008 | 000814s2001 paua b 000 0 eng | ||
| 010 | _a 00010817 | ||
| 020 | _a0764312480 | ||
| 050 | 0 | 0 | _aNK4031 .T49 2001 |
| 100 | 1 | _aThompson, Amanda. | |
| 245 | 1 | 0 |
_aCerĂ¡mica : _bMexican pottery of the 20th century / _cAmanda Thompson. |
| 260 |
_aAtglen, PA : _bSchiffer, _cc2001. |
||
| 300 |
_a206, [2] p. : _bcol. ill. ; _c23 x 29 cm. |
||
| 500 | _a"In cooperation with the California Heritage Museum, Santa Monica." | ||
| 504 | _aIncludes bibliographical references (p. [207]). | ||
| 650 | 0 |
_aPottery, Mexican _y20th century. |
|
| 942 |
_2lcc _cBOOKS |
||